Hicret (Record no. 8653)

MARC details
000 -BAŞLIK
Sabit Uzunlukta Kontrol Alanı 00695na a2200253 4500
001 - KONTROL NUMARASI
Denetim Alanı 23515
003 - KONTROL NUMARASI IDENTIFIER
Denetim Alanı MIRAKIL
005 - SON İŞLEM TARİHİ VE ZAMANI
Denetim Alanı 20181213155219.0
008 - SABİT-BOY VERİ ELEMANLARI - GENEL BİLGİLER
Sabit Uzunlukta Kontrol Alanı 171012b tu 000 0
020 ## - ULUSLARARASI STANDART KİTAP NUMARASI
Uluslararası Standart Kitap Numarası 9756153024
040 ## - KATALOGLAMA KAYNAK
Orijinal Kataloglama Ajansı Milas
Kataloglama Dili tur
Metne Dönüştürmek Ajansı TR-AnCHP
041 ## - DİL KODU
Metin / Ses Parça Veya Ayrı Başlığın Dil Kodu tur
082 ## - DEWEY ONLU SINIFLANDIRMA NUMARASI
Sınıflandırma Numarası 811.42
Ürün Numarası İ52h 2016
090 ## - SINIFLAMA NUMARASI
Sınıflama Numarası 811.42 İ52h 2016
100 ## - ANA GİRİŞ - KİŞİSEL İSİM
Kişisel Ad İnan, Mehmet Akif
245 ## - BAŞLIK TABLOSU
Başlık Hicret
Sorumluluk Tablosu, Vb Mehmet Akif İnan
250 ## - EDITION TABLOSU
Baskı Beyanı 7. bs.
260 ## - YAYIN, DAĞITIM, VB
Yayın, Dağıtım, Vb Yeri Ankara
Yayıncı, Dağıtıcı, Vs Adı Eğitim-Bir-Sen Yayınları
Yayın, Dağıtım, Vb Tarihi 2016
Üretici Firma Semih Ofset Matbaacılık
300 ## - FİZİKSEL TANIM
Kapsam 78 s.
Boyutlar 21 sm.
440 ## - SERİSİ TABLOSU / KATMA GİRİŞİ - BAŞLIK
Başlık Eğitim-Bir-Sen yayınları
Hacim / Ardışık Tanımı 9
490 ## - SERİSİ TABLOSU
Seri Beyanı Edebiyat dizisi
Hacim / Ardışık Tanımı 1
650 ## - KONU KATMA GİRİŞ - TOPİKAL DÖNEM
Topikal Süreli Veya Coğrafi Ad Giriş Elemanı Türk edebiyatı
Genel Alt Bölümü Türk şiiri
942 ## - EKLENDİ GİRİŞ ELEMANLARI (KOHA)
Sınıflandırma Veya Raf Düzeni Kaynak Dewey Decimal Classification
Koha Öğesi Türü Books
999 ## - SİSTEM KONTROL NUMARALARI (KOHA)
Koha Biblionumber 8653
Koha Biblioitemnumber 8653
Holdings
Kalıcı Konum Mevcut Konum Edinme Tarihi Edinim Kaynak Toplam Check-Out'Lar Tam Çağrı Numarası Barkod Tarih Son Görülme İtibaren Geçerli Fiyatlar Koha Öğesi Türü
CHP Kütüphanesi CHP Kütüphanesi 10/12/2017 Bağış   811.42 İ52h 2016 017499 10/12/2017 10/12/2017 Books